000 00559nam a2200169 a 4500
001 000047668
005 20201002060652.0
008 180716s2000 dr 000 0 spa d
020 _a9993423963
040 _aDO-SdBNP
_bspa
_cBNPHU
100 1 _aLuciano Pichardo, Rafael
_931110
245 1 3 _aEl código Napoleón en la historia :
_bsu influencia en la República Dominicana /
_cRafael Luciano Pichardo.
260 _aSanto Domingo, :
_bPortalis,
_c2000.
300 _a490 p. ;
_c27 cm.
500 _aBicentenario 1804-2004.
590 _aInventariado, 2018/ YL
999 _c47156
_d47156